000 00192 a2200097 4500
001 1584
100 _aCheslers, J.H
245 _aIron and steel
260 _a
_bNelson
_c
090 _c1123
_d1123
942 _aNUST-CAE
_cM
_c1370
999 _c236657
_d236657